People Magazine's Most Beautiful People - Statistics

General Stats
  • This quiz has been taken 668 times
    411 since last reset
  • The average score is 7 of 27
Answer Stats
Person % Correct
Jennifer Aniston
70%
K{ate} H{udson}
66%
Jennifer Lopez
57%
Jennifer {Garner}
32%
Angelina Jolie
30%
Christina {Applegate}
30%
S{andra} B{ullock}
30%
Beyonce Knowles
29%
Julia Roberts
29%
M{ichelle} P{feiffer}
28%
J{odie} F{oster}
26%
Halle Berry
23%
Cindy Crawford
22%
C{ourteney} C{ox}
22%
D{rew} B{arrymore}
21%
Leonardo DiCaprio
21%
Lupita Nyong'o
19%
M{eg} R{yan}
19%
Nicole Kidman
19%
Helen Mirren
18%
Tom Cruise
17%
Catherine Zeta-Jones
14%
Gwyneth Paltrow
14%
Goldie Hawn
13%
Mel Gibson
12%
{Pink}
9%
Chrissy Teigen
4%
No matching quizzes found
Score Distribution
Percent of People with Each Score
Percentile by Number Answered
Your Score History
You have not taken this quiz since the last reset